000
00313nam a22001337a 4500
008
181017b xxu||||| |||| 00| 0 eng d
020
_a
9780321649546
041
_a
eng
080
_2
3 ED
_a
573
100
_a
11
101
_a
BIO
245
_a
Essentials Biology With Physiology
_c
Simon.R
942
_2
udc
_c
BK
999
_c
50033
_d
50033